El cuento hispanoamericano (notice nᵒ 7462)
[ vue normale ]
| 000 -Sello discográfico | |
|---|---|
| campo de control de longitud fija | 00923nam a2200289 4500 |
| 005 - Identificación de versión | |
| campo de control | 20251016083821.0 |
| 010 ## - Número Estándar Internacional de Libros (ISBN) | |
| Número (ISBN) | 968-16-0016-9 |
| 099 ## - fechas locales | |
| Tipo de ítem Koha | LIBRO |
| 100 ## - Datos de procesamiento general | |
| Datos de procesamiento general | 20200122d19861964m y1spay5003 ba |
| 105 ## - Campo de datos codificados: Material textual, monográfico | |
| Datos codificados de monografía | y 001ay |
| 200 1# - Título y mención de responsabilidad | |
| Título propio | El cuento hispanoamericano |
| Designación general del material | texto impreso |
| Otra información del título | antología crítico-histórica |
| Primer mención de responsabilidad | Seymour Menton |
| 205 ## - Declaración de edición | |
| Declaración de edición | 3a ed corregida y aumentada |
| 210 ## - Publicación, distribución, etc. | |
| Lugar de publicación, distribución, etc. | México |
| Nombre del editor, distribuidor, etc. | Fondo de Cultura Económica |
| Fecha de publicación, distribución, etc. | 1986 |
| 215 ## - Descripción física | |
| Designación de material específico y extensión del ítem | 734 p |
| Dimensiones | 17 cm |
| 345 ## - Nota de información de adquisición | |
| Fuente de adquisición/dirección de la suscripción [OBSOLETO] | Donación |
| 410 #1 - Series | |
| Título | Colección Popular |
| Número de volumen | 51 |
| 606 ## - Término temático usado como materia | |
| Elemento de entrada | Cuentos hispanoamericanos |
| Subdivisión cronológica | Siglo XX |
| Subdivisión temática | Historia y crítica |
| Número Koha | 426 |
| 660 ## - Código de área geográfica | |
| Código | MX |
| 700 ## - Nombre personal - Responsabilidad primaria | |
| Elemento de entrada | Menton |
| Parte del nombre distinta del elemento de entrada | Seymour |
| Fechas | 1927-2014 |
| Número Koha | 8597 |
| 801 #0 - Fuente de origen | |
| País | FR |
| Agencia | cm |
| Reglas de catalogación (convenciones descriptivas) | AFNOR |
| 900 ## - | |
| -- | 1/23022 |
| 900 ## - | |
| -- | 7100417642\080104 |
| 942 ## - ELEMENTOS DE ENTRADA SECUNDARIOS (KOHA) | |
| Tipo de ítem Koha | Livre |
| 996 ## - | |
| -- | MEX |
| -- | 751145101 |
| -- | MMAG |
| -- | 010952 |
| -- | H863.09 M549C |
| -- | 20240820LIV |
| Estatus retirado | Estado de daño | Estado de pérdida | Fecha de adquisición | Biblioteca de origen | Biblioteca actual | Ubicación en estantería | Código de barras | Precio de reemplazo | Signatura topográfica completa | No para préstamo | Tipo de ítem Koha | Nota pública | Nota no pública |
|---|---|---|---|---|---|---|---|---|---|---|---|---|---|
| 05/08/2025 | Casa México Paris | Casa México Paris | 010952 | 05/08/2025 | H863.09 M549C | Livre | 20240820LIV | 751145101 |